Impacting trait anxiety and psychological well-being in incarcerated delinquents through the use of scuba training /

Bibliographic Details
Main Author: Davies, Mary Sanborn
Format: Thesis Microform Book
Language:English
Published: [Place of publication not identified] : [publisher not identified] ; 1983.
Subjects:

MARC

Tag First Indicator Second Indicator Subfields
LEADER 00000cam a2200000 a 4500
001 in00000018710
005 20151007054035.0
007 he bmb|||||||
008 861023r19861983orua bb 00010 eng d
035 |a (OCoLC)14509330 
035 |9 AAB3783AM 
040 |a WAY  |c WAY  |d HPE  |d TXA  |d UtOrBLW 
049 |a TXAI 
099 |a fiche  |a C  |a 9722 
100 1 |a Davies, Mary Sanborn. 
245 1 0 |a Impacting trait anxiety and psychological well-being in incarcerated delinquents through the use of scuba training /  |c by Mary Sanborn Davies. 
264 1 |a [Place of publication not identified] :  |b [publisher not identified] ;  |c 1983. 
300 |a ix, 198 leaves :  |b illustrations 
336 |a text  |b txt  |2 rdacontent 
337 |a microform  |b h  |2 rdamedia 
338 |a microfiche  |b he  |2 rdacarrier 
502 |b Ph. D.  |c Temple University  |d 1983. 
504 |a Bibliography: leaves 126-136. 
533 |a Microfiche.  |b Eugene :  |c Microform Publications, College of Human Development and Performance, University of Oregon,  |d 1986.  |e 3 microfiches : negative ; 11 x 15 cm. 
500 |a Microform. 
650 0 |a Scuba diving  |x Psychological aspects. 
650 0 |a Recreation and juvenile delinquency. 
650 0 |a Anxiety. 
650 0 |a Juvenile delinquents  |x Rehabilitation. 
999 |a MARS 
999 f f |s cc13ca04-258b-3319-a39e-37ec99c50af8  |i 9d773475-f20c-3017-a258-9edc747a1904  |t 0 
952 f f |p normal  |a Texas A&M University  |b College Station  |c Sterling C. Evans Library  |d Evans: Microforms (3rd floor)  |t 0  |e fiche C 9722  |h Other scheme  |i microform -- microfiche  |m A14823247204 
998 f f |a fiche C 9722  |t 0  |l Evans: Microforms (3rd floor)